| 000 | 00418nam a2200169Ia 4500 | ||
|---|---|---|---|
| 008 | 180921t xxu||||| |||| 00| 0 eng d | ||
| 041 | _aeng | ||
| 080 |
_a5 _bLIF |
||
| 100 | _aFarb, Peter | ||
| 245 | 4 | _aThe land and wild life of North America | |
| 260 | _bHonkong | ||
| 300 | _a200p., ill., 28 cm | ||
| 650 |
_aWild life _aNorth America |
||
| 942 | _cBK | ||
| 999 |
_c17771 _d17771 |
||
| 003 | LK-CoDNM | ||
| 040 |
_aLK-CoDNM _dLK-CoDNM _eLK-CoDNM |
||